Fiction on Singapore - Vol.II
| Main Author: | |
|---|---|
| Format: | Book |
| Published: |
Singapore :
COCI (Asean Commitee on Culture and Information ,
1990
|
| Subjects: |
MARC
| LEADER | 00000cam a2200000 7i4500 | ||
|---|---|---|---|
| 001 | 0000005571 | ||
| 005 | 20050422.0 | ||
| 020 | |a 9971882485 | ||
| 040 | |a INS | ||
| 090 | 0 | 0 | |a PR9570.S52 |b F46 1990 |
| 100 | 1 | |a Thamboo, Elvin | |
| 245 | 1 | 4 | |a Fiction on Singapore - Vol.II |c Elvin Thamboo |
| 260 | |a Singapore : |b COCI (Asean Commitee on Culture and Information , |c 1990 | ||
| 300 | |a 650 p. | ||
| 650 | 0 | 0 | |a Short stories |z Singapore (English) |
| 650 | 0 | 0 | |a Singapore fiction (English) |
| 999 | |a 0000007305 |b BOOK |c Open Shelf |e Default branch | ||